| 000 | 00341nam a22001217u 4500 | ||
|---|---|---|---|
| 008 | 130405s1973 xxu||||| |||| 00| 0 spa d | ||
| 041 | _aspa | ||
| 245 | 0 | 0 |
_aCaridad y reconciliación _b:Aviento, Navidad, Epifania |
| 260 |
_aMadrid: _bCaritas EspaƱolas, _c1973 |
||
| 650 | 0 | 4 |
_aLiturgia _xNavidad y adviento _918909 |
| 942 | _cBK | ||
| 001 | 17261 | ||
| 999 |
_c290664 _d290664 |
||